Carregant...

Introducing public relations : theory and practice /

Dades bibliogràfiques
Autor principal: Butterick, Keith
Format: Printed Book
Idioma:English
Publicat: New Delhi : Sage Publications, 2011.
Matèries:
LEADER 00597nam a22001577a 4500
008 151009b xxu||||| |||| 00| 0 eng d
020 |a 9788132108931 
082 |a 659.2 BUT 
100 |a Butterick, Keith 
245 |a Introducing public relations :  |b theory and practice /  |c Keith Butterick 
260 |a New Delhi :  |b Sage Publications,  |c 2011. 
300 |a 228p. 
650 |a Public relations 
942 |2 ddc  |c BK 
999 |c 12660  |d 12660 
952 |0 0  |1 0  |2 ddc  |4 0  |6 659_200000000000000_BUT  |7 0  |9 17934  |a MAIN  |b MAIN  |d 2015-10-09  |e Mathrubhumi Books  |g 395.00  |l 2  |o 659.2 BUT  |p 17770  |r 2019-02-26  |s 2019-02-25  |t 1  |w 2015-10-09  |y BK